000 00612nam a2200217Ia 4500
003 OSt
005 20220925205825.0
006 a|||||r|||| 00| 0
007 ta
008 220923b |||||||| |||| 00| 0 eng d
037 _cGeneral Book
040 _aRTL
_cRTL
_beng
041 _2eng
_aeng
082 _az.216.N85t5, M6.1/GD
110 _aAndhra Pradesh
_9271149
245 0 _aSeventh five year plan 1985-90
260 _aHyderabad
_bFinance & Planning Department
700 _aAndhra Pradesh
_9271150
942 _hz.216.N85t5, M6.1/GD
_cGB
_2CC
999 _c553308
_d553308